LEADER 00951nam a2200229 i 4500 001 000000041374 003 CaOOAMICUS 005 20121005000000.0 008 121005s1994 it u000 u ita u 013 $a12544 040 $aSeMil$bita 100 1 $aFrontini, Maria Luisa.$0(OLS)http://semarc/name/20347 245 10$aCarbonate :$btra cronaca e storia /$cMaria Luisa Frontini. 260 $aCarbonate :$bAmministrazione Comunale,$c1994. 300 $a209, LVI p. di tav. ;$c25 cm. 500 $aIn calce al front. : Parrocchia di Carbonate, Amministrazione Comunale di Carbonate. 650 4$aCarbonate.$0(OLS)http://semarc/subject/8611 850 $aSeMil 852 $aSeMil$W1$xVenegono$y1$m3P V 205$j7529$B7529$CSeMilBibl$Z2$F7529 $81 961 $aOmaggio: Donazione 996 $6245$aCarbonate :$btra cronaca e storia$9(OLS)http://semarc/title/59885 996 $6260$aCarbonate :$bAmministrazione Comunale$9(OLS)http://semarc/publisher/40205